000 00664nam a22001937a 4500
005 20250626160714.0
010 _aB-754849-860 CHEN 25.5.23 ENG-145599
020 _a9788123762821
_c90.00
035 _aB-754849-860
035 _aEN-129131
037 _bDBAD
082 _a954.0841
100 _aPuri, Harish K.
_982389
245 _aGhadar Movement:
_cHarish K. Puri
_bA short History/
260 _aNew Delhi
_bNational Book Trust, India
_c2011
270 _aNehru Bhawan, 5 Institutional Area, Phase-II Vasant Kunj
_bNew Delhi
_e110070
300 _a168p.
_c20cm(pb)
942 _2ddc
_cEN
_mPUR
_h954.0841
999 _c211970
_d211970